| 000 | 00459 a2200145 4500 | ||
|---|---|---|---|
| 020 | _a0-87262-739-X | ||
| 082 |
_a624.184 _bCLA _cM-39, P-185 |
||
| 100 |
_aASCE _913229 |
||
| 245 |
_aCLASSIC WOOD STRUCTURES _bTASK COMMITTEE ON CLASSIC WOOD STRUCTURE |
||
| 260 |
_aNEW YORK _bASCE _c1989 |
||
| 300 |
_a241 P. _c22CM |
||
| 500 | _aWOODEN-BUILDING, WOODEN-FRAME BUILDINGS, BRIDGES WOODEN | ||
| 526 |
_a0 _b0 _c0 _d624_184000000000000_CLA_M39_P1 |
||
| 942 |
_2ddc _cBKB |
||
| 999 |
_c547308 _d547308 |
||